Koncepcia fiškálnych a rozpočtových rád vo vybraných krajinách sveta
Vyvážená a udržateľná makroekonomická situácia sa zakladá na striktnom dodržiavaní maastrichtských kritérií, ktoré však vyžadujú zodpovednú manipuláciu s verejnými financiami, ich dôsledné monitorovanie a tiež plnenie dlhodobého horizontu rozpočtovej zodpovednosti. Stručná charakteristika fungovania...
Salvato in:
| Autore principale: | |
|---|---|
| Natura: | Capitolo di libro |
| Lingua: | slovacco |
| Soggetti: | |
| Tags: |
Nessun Tag, puoi essere il primo ad aggiungerne!!
|
MARC
| LEADER | 00000nla a2200000 4500 | ||
|---|---|---|---|
| 001 | 0185031 | ||
| 005 | 20240502073154.2 | ||
| 041 | 0 | |a slo | |
| 044 | |a SK | ||
| 245 | 1 | 0 | |a Koncepcia fiškálnych a rozpočtových rád vo vybraných krajinách sveta |c Zuzana Neupauerová |
| 520 | |a Vyvážená a udržateľná makroekonomická situácia sa zakladá na striktnom dodržiavaní maastrichtských kritérií, ktoré však vyžadujú zodpovednú manipuláciu s verejnými financiami, ich dôsledné monitorovanie a tiež plnenie dlhodobého horizontu rozpočtovej zodpovednosti. Stručná charakteristika fungovania Rady pre rozpočtovú zodpovednosť na území Slovenskej republiky. Alternatívy spomínanej rady, a to vo vybraných krajinách Organizácie pre hospodársku spoluprácu a rozvoj . Organizačná štruktúra v jednotlivých radách, vedúci pracovníci, samotné kompetencie rád a spôsob akým monitorujú stav a hospodárenie s verejnými financiami, prípadne správy, ktoré vypracovávajú. | ||
| 610 | 2 | 0 | |a situácia hospodárska |
| 610 | 2 | 0 | |a zodpovednosť rozpočtová |
| 610 | 2 | 0 | |a rovnováha hospodárska |
| 610 | 2 | 0 | |a Slovensko |
| 610 | 2 | 0 | |a financie verejné |
| 610 | 2 | 0 | |a krajiny vyspelé |
| 610 | 2 | 0 | |a rozpočet spoločný |
| 610 | 2 | 0 | |a politika fiškálna |
| 100 | 1 | |a Neupauerová, Zuzana | |